Combien de ville du Cantal (15) connais-tu ? - Statistiques

Statistiques générales
  • Ce quiz a été pris 23 fois
  • Le résultat moyen est 27 sur 246
Statistiques - réponses
Code Postal Ville % Correct
15005 Aurillac
100%
15100 Saint-Flour
89%
15300 Murat
79%
15200 Mauriac
74%
15130 Arpajon-sur-Cère
53%
15500 Massiac
53%
15250 Naucelles
53%
15310 Saint-Cernin
53%
15600 Maurs
47%
15140 Salers
47%
15800 Vic-sur-Cère
47%
15160 Allanche
42%
15400 Riom-ès-Montagnes
42%
15130 Saint-Simon
42%
15250 Jussac
37%
15120 Montsalvy
37%
15130 Ytrac
37%
15150 Lacapelle-Viescamp
32%
15150 Laroquebrou
32%
15250 Reilhac
32%
15250 Saint-Paul-des-Landes
32%
15130 Vézac
32%
15210 Ydes
32%
15130 Yolet
32%
15110 Chaudes-Aigues
26%
15190 Condat
26%
15250 Crandelles
26%
15130 Giou-de-Mamou
26%
15300 Laveissière
26%
15590 Mandailles-Saint-Julien
26%
15230 Pierrefort
26%
15700 Pleaux
26%
15310 Tournemire
26%
15380 Anglards-de-Salers
21%
15130 Lafeuillade-en-Vézie
21%
15250 Laroquevieille
21%
15190 Marcenat
21%
15380 Moussages
21%
15260 Neuvéglise-sur-Truyère
21%
15800 Polminhac
21%
15600 Quézac
21%
15310 Saint-Illide
21%
15800 Saint-Jacques-des-Blats
21%
15220 Saint-Mamet-la-Salvetat
21%
15140 Saint-Martin-Valmeroux
21%
15400 Trizac
21%
15590 Velzic
21%
15300 Albepierre-Bredons
16%
15700 Ally
16%
15240 Antignac
16%
15150 Arnac
16%
15250 Ayrens
16%
15240 Bassignac
16%
15400 Cheylade
16%
15120 Junhac
16%
15120 Lacapelle-del-Fraisse
16%
15120 Ladinhac
16%
15600 Leynhac
16%
15220 Marcolès
16%
15250 Marmanhac
16%
15290 Omps
16%
15800 Pailherols
16%
15140 Saint-Chamant
16%
15590 Saint-Cirgues-de-Jordanne
16%
15150 Saint-Étienne-Cantalès
16%
15100 Saint-Georges
16%
15150 Saint-Santin-Cantalès
16%
15190 Saint-Saturnin
16%
15130 Sansac-de-Marmiesse
16%
15800 Thiézac
16%
15300 Ussel
16%
15300 Valuéjols
16%
15240 Vebret
16%
15220 Vitrac
16%
15100 Alleuze
11%
15500 Auriac-l'Église
11%
15140 Besse
11%
15600 Boisset
11%
15230 Brezons
11%
15130 Carlat
11%
15340 Cassaniouze
11%
15230 Cézens
11%
15170 Coltines
11%
15150 Cros-de-Montvert
11%
15300 Dienne
11%
15170 Ferrières-Saint-Mary
11%
15140 Fontanges
11%
15310 Freix-Anglards
11%
15310 Girgols
11%
15130 Labrousse
11%
15270 Lanobre
11%
15590 Lascelle
11%
15400 Menet
11%
15500 Molompize
11%
15170 Neussargues en Pinatelle
11%
15130 Prunet
11%
15800 Raulhac
11%
15220 Roannes-Saint-Mary
11%
15100 Roffiac
11%
15600 Saint-Étienne-de-Maurs
11%
15140 Saint-Paul-de-Salers
11%
15170 Talizat
11%
15270 Trémouille
11%
15160 Vèze
11%
15100 Andelat
5%
15100 Anglards-de-Saint-Flour
5%
15240 Auzers
5%
15800 Badailhac
5%
15270 Beaulieu
5%
15290 Cayrols
5%
15320 Chaliers
5%
15200 Chalvignac
5%
15350 Champagnac
5%
15400 Claux
5%
15320 Clavières
5%
15100 Coren
5%
15110 Deux-Verges
5%
15140 Drugeac
5%
15700 Escorailles
5%
15380 Falgoux
5%
15140 Fau
5%
15200 Jaleyrac
5%
15170 Joursac
5%
15800 Jou-sous-Monjou
5%
15500 Lastic
5%
15300 Laveissenet
5%
15300 Lavigerie
5%
15200 Méallet
5%
15100 Mentières
5%
15190 Montboudif
5%
15150 Montvert
5%
15230 Narnhac
5%
15150 Nieudan
5%
15290 Parlan
5%
15430 Paulhac
5%
15170 Rézentières
5%
15150 Rouffiac
5%
15290 Roumégoux
5%
15600 Rouziers
5%
15320 Ruynes-en-Margeride
5%
15190 Saint-Amandin
5%
15220 Saint-Antoine
5%
15140 Saint-Bonnet-de-Salers
5%
15140 Saint-Cirgues-de-Malbert
5%
15600 Saint-Constant-Fournoulès
5%
15140 Sainte-Eulalie
5%
15230 Sainte-Marie
5%
15150 Saint-Gérons
5%
15140 Saint-Martin-Cantalès
5%
15350 Saint-Pierre
5%
15500 Saint-Poncy
5%
15140 Saint-Projet-de-Salers
5%
15110 Saint-Urcize
5%
15380 Saint-Vincent-de-Salers
5%
15120 Sansac-Veinazès
5%
15300 Ségur-les-Villas
5%
15130 Teissières-lès-Bouliès
5%
15100 Tiviers
5%
15320 Val d'Arcomie
5%
15160 Vernols
5%
15120 Vieillevie
5%
15100 Villedieu
5%
15110 Anterrieux
0%
15400 Apchon
0%
15200 Arches
0%
15700 Barriac-les-Bosquets
0%
15500 Bonnac
0%
15700 Brageac
0%
15500 Celoux
0%
15270 Champs-sur-Tarentaine-Marchal
0%
15190 Chanterelle
0%
15300 Chapelle-d'Alagnon
0%
15500 Chapelle-Laurent
0%
15500 Charmensac
0%
15700 Chaussenac
0%
15500 Chazelles
0%
15400 Collandres
0%
15130 Cros-de-Ronesque
0%
15430 Cussac
0%
15110 Espinasse
0%
15110 Fridefont
0%
15150 Glénat
0%
15230 Gourdièges
0%
15110 Jabrun
0%
15120 Labesserette
0%
15230 Lacapelle-Barrès
0%
15160 Landeyrat
0%
15120 Lapeyrugue
0%
15500 Laurie
0%
15120 Leucamp
0%
43450 Leyvaux
0%
15110 Lieutadès
0%
15320 Lorcières
0%
15190 Lugarde
0%
15210 Madic
0%
15230 Malbo
0%
15400 Marchastel
0%
15110 Maurines
0%
15500 Molèdes
0%
15240 Monselie
0%
14350 Montchamp
0%
15240 Monteil
0%
15190 Montgreleix
0%
15600 Montmurat
0%
15230 Paulhenc
0%
15170 Peyrusse
0%
15160 Pradiers
0%
15340 Puycapel
0%
15500 Rageade
0%
15290 Rouget-Pers
0%
15240 Saignes
0%
15190 Saint-Bonnet-de-Condat
0%
15800 Saint-Clément
0%
15130 Saint-Étienne-de-Carlat
0%
15400 Saint-Étienne-de-Chomeil
0%
15400 Saint-Hippolyte
0%
15600 Saint-Julien-de-Toursac
0%
15110 Saint-Martial
0%
15230 Saint-Martin-sous-Vigouroux
0%
15500 Saint-Mary-le-Plain
0%
15110 Saint-Rémy-de-Chaudes-Aigues
0%
15600 Saint-Santin-de-Maurs
0%
15290 Saint-Saury
0%
15150 Saint-Victor
0%
15200 Salins
0%
15240 Sauvat
0%
15290 Ségalassière
0%
15340 Sénezergues
0%
15150 Siran
0%
15100 Soulages
0%
15200 Sourniac
0%
15100 Tanavelle
0%
15250 Teissières-de-Cornet
0%
15100 Ternes
0%
15110 Trinitat
0%
15600 Trioulou
0%
15100 Vabres
0%
15400 Valette
0%
15170 Valjouze
0%
15380 Vaulmier
0%
15100 Védrines-Saint-Loup
0%
15350 Veyrières
0%
15130 Vezels-Roussy
0%
15500 Vieillespesse
0%
15200 Vigean
0%
15300 Virargues
0%
Aucun quiz correspondant
Distribution des résultats
% des personnes avec chaque résultat
Percentile par nombre de réponses
Votre historique - résultats
Vous n’avez pas pris ce quiz